[Event "Championnat de France des Jeunes - Cadets"]
[Site "Aix les Bains"]
[Date ""]
[Round "7.1"]
[White "Stephan, Victor"]
[Black "Demuth, Adrien"]
[Result "1/2-1/2"]
[WhiteElo "2168"]
[BlackElo "2330"]
[Annotator ""]

1. d4 Nf6 2. c4 g6 3. Nc3 Bg7 4. e4 d6 5. Be2 O-O 6. Nf3 e5 7. O-O Na6 8. Be3
c6 9. Qc2 Ng4 10. Bg5 f6 11. Bh4 g5 12. Bg3 f5 13. exf5 Bxf5 14. Qd2 e4 15. Ne1
Nh6 16. f3 exf3 17. Nxf3 Nf7 18. Bd3 Qd7 19. Ne5 Qe6 20. Nf3 h6 21. Rae1 Qd7
22. Be2 Qd8 23. Bd3 Nc7 1/2-1/2

[Event "Championnat de France des Jeunes - Cadet"]
[Site "Aix les Bains"]
[Date "2009.04.24"]
[Round "7.2"]
[White "Villegas, Pierre"]
[Black "Ollier, Pablo"]
[Result "1/2-1/2"]
[WhiteElo "2195"]
[BlackElo "2200"]
[PlyCount "86"]

1. d4 Nf6 2. c4 e6 3. Nc3 Bb4 4. Qc2 c5 5. dxc5 Bxc3+ 6. Qxc3 Ne4 7. Qc2 Qa5+
8. Bd2 Qxd2+ 9. Qxd2 Nxd2 10. Kxd2 Na6 11. f3 Nxc5 12. b4 Na6 13. a3 d6 14. e3
Nb8 15. Bd3 Nd7 16. Ne2 Ke7 17. Nd4 Ne5 18. Be2 Bd7 19. Rhc1 Rhc8 20. f4 Nc6
21. Nb3 a5 22. b5 Nd8 23. a4 b6 24. Bf3 Ra7 25. Rc3 Rac7 26. Rac1 f6 27. Kd3
Be8 28. Nd4 g6 29. g3 e5 30. Nb3 Ne6 31. Bd5 Nc5+ 32. Nxc5 Rxc5 33. e4 Bf7 34.
Re1 Bxd5 35. exd5 Kd7 36. Rc2 Re8 37. Rce2 Rcc8 38. fxe5 Rxe5 39. Rxe5 dxe5 40.
g4 Kd6 41. Rf1 Rf8 42. Ke4 Rf7 43. h4 Rf8 1/2-1/2

[Event "Championnat de France des Jeunes - Cadet"]
[Site "Aix les Bains"]
[Date "2009.04.24"]
[Round "7.4"]
[White "Lallement, Victor"]
[Black "Li, Frederic"]
[Result "0-1"]
[WhiteElo "2116"]
[BlackElo "2240"]
[PlyCount "136"]

1. e4 e5 2. Nf3 Nc6 3. Bb5 a6 4. Ba4 Nf6 5. O-O b5 6. Bb3 Bb7 7. Re1 Bc5 8. c3
d6 9. d4 Bb6 10. Bg5 h6 11. Bh4 g5 12. Bg3 O-O 13. dxe5 Nxe5 14. Nxe5 dxe5 15.
Nd2 Qe7 16. Qf3 Nd7 17. Nf1 Nc5 18. Bc2 f5 19. b4 Nxe4 20. Bxe4 Bxe4 21. Qh5
Qf6 22. Nd2 Rad8 23. Nxe4 fxe4 24. Rxe4 Bxf2+ 25. Kh1 Bd4 26. Qe2 Bxc3 27. Bxe5
Bxe5 28. Rxe5 Rd2 29. Qe1 Rxa2 30. Rc1 Rc2 31. Rd1 Qf2 32. Qxf2 Rcxf2 33. Kg1
R2f4 34. Re6 R8f6 35. Re7 Rf7 36. Re6 Kg7 37. Rxa6 Rxb4 38. Rc6 Rbf4 39. Rdc1
b4 40. Rxc7 Rf1+ 41. Rxf1 Rxc7 42. Rb1 Rb7 43. Rb3 Kf6 44. Kf2 Ke5 45. Ke3 Kd5
46. Kd3 Kc5 47. Kc2 Re7 48. Rh3 Kc4 49. Rxh6 Re2+ 50. Kb1 Rxg2 51. h4 Kb3 52.
Kc1 Rg1+ 53. Kd2 g4 54. Rg6 Ka2 55. h5 b3 56. h6 Rh1 57. Ra6+ Kb1 58. Re6 b2
59. Rb6 g3 60. Kc3 Rc1+ 61. Kd2 g2 62. h7 Rc2+ 63. Kd3 g1=Q 64. Rxb2+ Rxb2 65.
h8=Q Qd1+ 66. Kc4 Rc2+ 67. Kb4 Qd6+ 68. Ka4 Qa6+ 0-1

[Event "Championnat de France des Jeunes - Cadet"]
[Site "Aix les Bains"]
[Date "2009.04.24"]
[Round "7.5"]
[White "Blum, Nicolas"]
[Black "Graca, Robert"]
[Result "1-0"]
[WhiteElo "2234"]
[BlackElo "2170"]
[Annotator "Rivier,Sylvain"]
[PlyCount "42"]

1. e4 c5 2. Nf3 g6 3. d4 cxd4 4. Qxd4 Nf6 5. Nc3 Nc6 6. Qa4 d6 7. e5 Ng4 8.
exd6 Qb6 9. Nd5 Qxf2+ 10. Kd1 Qc5 11. Nc7+ Kd8 12. Nxa8 Nf2+ 13. Ke2 Nxh1 14.
Be3 b5 15. Bxc5 bxa4 16. dxe7+ Bxe7 17. Rd1+ Bd7 18. Bxa7 Re8 19. Bb6+ Kc8 20.
Nc7 Bc5+ 21. Nxe8 Bxe8 {suite illisible} 1-0

[Event "Championnat de France des Jeunes - Cadet"]
[Site "Aix les Bains"]
[Date "2009.04.24"]
[Round "7.8"]
[White "Marcel, Valentin"]
[Black "Hoareau, William"]
[Result "0-1"]
[WhiteElo "1965"]
[BlackElo "2138"]
[PlyCount "50"]

1. e4 c5 2. Nf3 Nc6 3. Bb5 g6 4. O-O Bg7 5. Re1 Nf6 6. Nc3 O-O 7. d3 d6 8. Bxc6
bxc6 9. e5 Ng4 10. Bf4 f6 11. exd6 exd6 12. d4 cxd4 13. Qxd4 d5 14. h3 Nh6 15.
Qc5 Bd7 16. Nd4 Qc8 17. Re7 Nf7 18. Rae1 Re8 19. Nxd5 cxd5 20. Qxd5 Rxe7 21.
Rxe7 Be8 22. Ne6 Qc6 23. Qb3 Bf8 24. Rc7 Qb6 25. Qc3 Qxe6 0-1

[Event "Championnat de France des Jeunes - Cadet"]
[Site "Aix les Bains"]
[Date "2009.04.24"]
[Round "7.9"]
[White "Allorant, Adrien"]
[Black "Nari, Damien"]
[Result "0-1"]
[WhiteElo "2076"]
[BlackElo "1852"]
[PlyCount "146"]

1. e4 c6 2. d4 d5 3. exd5 cxd5 4. c4 Nf6 5. Nc3 e6 6. Nf3 Nc6 7. Bg5 Be7 8. c5
O-O 9. Bb5 Qc7 10. O-O Bd7 11. Rb1 Ne4 12. Bxe7 Nxc3 13. Bd6 Qxd6 14. Qd3 Ne2+
15. Qxe2 Qf4 16. b4 a6 17. Bxc6 bxc6 18. Qe5 Qxe5 19. dxe5 f6 20. Rfe1 Kf7 21.
Nd4 g5 22. exf6 Kxf6 23. Nf3 Rg8 24. Ne5 Be8 25. Rb3 g4 26. Rg3 h5 27. f4 Kf5
28. Rf1 Rb8 29. Rb3 Ke4 30. g3 Rg7 31. Re1+ Kf5 32. Nd3 Rgb7 33. Ra3 Ra7 34.
Kf2 Rb5 35. Re5+ Kf6 36. f5 Bf7 37. fxe6 Bg6 38. e7 Rxe7 39. Rxe7 Kxe7 40. Nf4
Bf7 41. Ra4 Rb8 42. a3 Ra8 43. Ke3 Kd7 44. Kd4 Kc7 45. Ke5 Kb7 46. Kf6 Be8 47.
Ne6 Rc8 48. Nd4 Bd7 49. Ke7 Rc7 50. Kf6 Rc8 51. Kg5 Re8 52. Nb3 Re2 53. Kxh5
Rxh2+ 54. Kg5 Re2 55. b5 axb5 56. Rb4 Kc7 57. Kf4 Ra2 58. Nc1 Rxa3 59. Nb3 Ra4
60. Rxa4 bxa4 61. Nd4 a3 62. Ke3 a2 63. Nb3 Bf5 64. Kf4 Bc2 65. Na1 Bd1 66. Ke3
Kd7 67. Kd2 Ba4 68. Kc3 Ke6 69. Kb2 Ke5 70. Kxa2 Ke4 71. Ka3 Bd1 72. Kb2 Kd4
73. Kc1 Ba4 0-1

[Event "Championnat de France des Jeunes - Cadet"]
[Site "Aix les Bains"]
[Date "2009.04.24"]
[Round "7.10"]
[White "Chandesris, Ludovic"]
[Black "Hutois, Mickael"]
[Result "0-1"]
[WhiteElo "1920"]
[BlackElo "2021"]
[PlyCount "62"]

1. e4 e5 2. Nf3 Nc6 3. Bc4 Be7 4. d4 exd4 5. Nxd4 d6 6. O-O Nf6 7. Nc3 O-O 8.
Bb3 Na5 9. f4 a6 10. Nf3 b5 11. Qe2 Bb7 12. e5 dxe5 13. fxe5 Nxb3 14. axb3 Ng4
15. Bf4 Bc5+ 16. Kh1 Re8 17. h3 Nxe5 18. Nxe5 f6 19. Rad1 Bd6 20. Qg4 fxe5 21.
Bg5 Qc8 22. Qh4 Qe6 23. Ne4 Bxe4 24. Qxe4 Rf8 25. Rfe1 Rae8 26. Qc6 e4 27. Be3
Bg3 28. Qxe6+ Rxe6 29. Re2 Rd6 30. Rxd6 Rf1+ 31. Bg1 cxd6 0-1

[Event "Championnat de France des Jeunes - Cadet"]
[Site "Aix les Bains"]
[Date "2009.04.24"]
[Round "7.11"]
[White "Charrais, Kevin"]
[Black "Feryn, Alexandre"]
[Result "0-1"]
[WhiteElo "1858"]
[BlackElo "1989"]
[PlyCount "66"]

1. e4 c5 2. Nf3 e6 3. d4 cxd4 4. c3 Nf6 5. e5 Nd5 6. cxd4 d6 7. Nc3 Nxc3 8.
bxc3 Qc7 9. Bd2 Nd7 10. exd6 Bxd6 11. Bd3 Nf6 12. O-O h6 13. Re1 O-O 14. Qc1
Nd5 15. g3 Qe7 16. a3 b6 17. Ne5 Bxe5 18. Rxe5 Qf6 19. Rh5 Qf3 20. Rh4 Nf6 21.
Bxh6 Bb7 22. Kf1 Qxd3+ 23. Ke1 Ba6 24. Qe3 Qxe3+ 25. Bxe3 Rac8 26. Rc1 Bb7 27.
Ke2 Bd5 28. f3 Rc4 29. Bg5 Nh7 30. Be7 Re8 31. Bd6 Ng5 32. Rf4 f6 33. Kd3 Nf7
0-1

[Event "Championnat de France des Jeunes - Cadet"]
[Site "Aix les Bains"]
[Date "2009.04.24"]
[Round "7.12"]
[White "Baudson, Charles"]
[Black "Masset, Jacques"]
[Result "1-0"]
[WhiteElo "2103"]
[BlackElo "1847"]
[PlyCount "77"]

1. e4 c5 2. Nf3 Nc6 3. c3 e5 4. d4 cxd4 5. cxd4 exd4 6. Nxd4 Bc5 7. Nxc6 Qf6 8.
Qc2 Qxc6 9. Nc3 Nf6 10. Be2 O-O 11. O-O d5 12. Bb5 Qd6 13. exd5 Ng4 14. g3 Qe5
15. Qe4 Qh5 16. h4 Bf5 17. Qf3 a6 18. Bd3 Bxd3 19. Qxd3 Ne5 20. Qe2 Ng4 21. Ne4
Rfe8 22. Qc4 Ba7 23. Bf4 Ne5 24. Bxe5 Qxe5 25. Rae1 h6 26. d6 Qxb2 27. d7 Rf8
28. Nd6 Qa3 29. Nf5 Qf3 30. Qe4 Qa3 31. Qe5 f6 32. Ne7+ Kh7 33. Qf5+ Kh8 34.
Ng6+ Kg8 35. Qd5+ Rf7 36. Re8+ Kh7 37. Kg2 Qa4 38. Rxa8 Rxd7 39. Rh8+ 1-0

[Event "Championnat de France des Jeunes - Cadet"]
[Site "Aix les Bains"]
[Date "2009.04.24"]
[Round "7.13"]
[White "Najart, David"]
[Black "Tachikart, Yassin"]
[Result "0-1"]
[WhiteElo "1903"]
[BlackElo "2107"]
[PlyCount "140"]

1. d4 d5 2. c4 c6 3. cxd5 cxd5 4. Nc3 Nf6 5. Bf4 Nc6 6. e3 a6 7. Rc1 Bf5 8. f3
Qb6 9. Na4 Qa5+ 10. Kf2 e6 11. a3 Rc8 12. b4 Qd8 13. Nc5 Bxc5 14. bxc5 O-O 15.
Ne2 Re8 16. h4 e5 17. dxe5 Nxe5 18. Nd4 Bg6 19. Be2 h6 20. Qb3 Qe7 21. g3 Nh5
22. Bxe5 Qxe5 23. f4 Qc7 24. Bxh5 Bxh5 25. Qxd5 Bg4 26. Rc3 Rcd8 27. Qc4 Qe7
28. Nf3 Bxf3 29. Kxf3 Qd7 30. Re1 Qd2 31. Re2 Qd7 32. Rcc2 h5 33. e4 Re7 34.
Kg2 Qg4 35. Rcd2 Rc8 36. Rd5 Rec7 37. Red2 Re8 38. Qd4 Qg6 39. Re2 Rce7 40. Rg5
Rxe4 41. Rxe4 Qxe4+ 42. Qxe4 Rxe4 43. Re5 Ra4 44. Re3 Rc4 45. Rb3 Rxc5 46. Rxb7
Rc2+ 47. Kh3 Rc3 48. Rb8+ Kh7 49. a4 Rc4 50. Rb7 f6 51. Ra7 Rxa4 52. Kg2 Kg6
53. f5+ Kxf5 54. Rxg7 Ra3 55. Rh7 Kg6 56. Ra7 a5 57. Kf2 Kf5 58. Rh7 Kg4 59.
Rg7+ Kh3 60. Rh7 Kg4 61. Rg7+ Kf5 62. Rh7 Kg6 63. Ra7 a4 64. Ra5 Ra1 65. Ke2 a3
66. Kf2 Ra2+ 67. Kf3 Ra1 68. Kf2 a2 69. Kg2 Kf7 70. Kf2 Rh1 0-1

[Event "Championnat de France des Jeunes - Cadet"]
[Site "Aix les Bains"]
[Date "2009.04.24"]
[Round "7.14"]
[White "Melle, Gauthier"]
[Black "Castro, John"]
[Result "0-1"]
[WhiteElo "1670"]
[BlackElo "2085"]
[PlyCount "48"]

1. e4 c5 2. Nf3 Nc6 3. c3 Nf6 4. Bd3 d6 5. h3 e5 6. Bc2 d5 7. exd5 Qxd5 8. O-O
Be7 9. Ba4 O-O 10. Bxc6 bxc6 11. d4 e4 12. Nh2 Ba6 13. Re1 Rad8 14. Be3 cxd4
15. cxd4 c5 16. Nc3 Qb7 17. Na4 cxd4 18. Bxd4 Qb4 19. Bc3 Rxd1 20. Bxb4 Rxa1
21. Rxa1 Bxb4 22. a3 Bd6 23. Rd1 Bd3 24. f3 Bxh2+ 0-1

[Event "Championnat de France des Jeunes - Cadet"]
[Site "Aix les Bains"]
[Date "2009.04.24"]
[Round "7.15"]
[White "Delivre, Raphael"]
[Black "Chahbazian, Tigran"]
[Result "1-0"]
[WhiteElo "2067"]
[BlackElo "1915"]
[PlyCount "43"]

1. e4 e6 2. d4 d5 3. Nd2 Nf6 4. e5 Nfd7 5. c3 c5 6. f4 Nc6 7. Ndf3 cxd4 8. cxd4
Be7 9. g3 O-O 10. Kf2 f5 11. h4 Nb6 12. Nh3 Bd7 13. Nfg5 Rc8 14. Qh5 h6 15. Qg6
hxg5 16. Nxg5 Bxg5 17. hxg5 Be8 18. Qxe6+ Bf7 19. Qxf5 Bh5 20. Qe6+ Bf7 21. Qh3
Bg6 22. e6 1-0

[Event "Championnat de France des Jeunes - Cadettes"]
[Site "Aix les Bains"]
[Date ""]
[Round "7.1"]
[White "Richard, Emma"]
[Black "Genzling, Sylvie"]
[Result "1-0"]
[WhiteElo "2070"]
[BlackElo "1967"]
[Annotator ""]

1. e4 e6 2. d4 d5 3. Nc3 Nc6 4. exd5 exd5 5. Bb5 Nf6 6. Nf3 Bg4 7. h3 Bxf3 8.
Qxf3 a6 9. Bxc6+ bxc6 10. O-O Be7 11. Re1 O-O 12. Bg5 h6 13. Bh4 Re8 14. Re2
Qd7 15. Rae1 a5 16. Re3 Kf8 17. Na4 Ng8 18. Bxe7+ Rxe7 19. Nc5 Qd6 20. Re6 Rxe6
21. Nxe6+ Ke7 22. Nxc7+ 1-0

[Event "Championnat de France des Jeunes - Cadet"]
[Site "Aix les Bains"]
[Date "2009.04.24"]
[Round "7.2"]
[White "Muller, Marion"]
[Black "Armas, Lara-Maria"]
[Result "0-1"]
[WhiteElo "1896"]
[BlackElo "1966"]
[PlyCount "78"]

1. e4 c5 2. Nf3 d6 3. d4 cxd4 4. Nxd4 Nf6 5. Nc3 a6 6. Be2 e5 7. Nb3 Be7 8. O-O
Be6 9. f4 Qc7 10. a4 b6 11. Be3 Nbd7 12. Kh1 O-O 13. f5 Bc4 14. g4 Rfc8 15. g5
Ne8 16. Bxc4 Qxc4 17. Qg4 f6 18. Rg1 Bf8 19. g6 h6 20. Rg3 Ra7 21. Rag1 Nc5 22.
Nd2 Qb4 23. Nd5 Qxb2 24. c4 Rb7 25. Rb1 Qa2 26. Nc3 Qc2 27. Bxc5 dxc5 28. Nf1
Rd8 29. a5 Rd3 30. Rxd3 Qxd3 31. Rc1 Qxc4 32. axb6 Rxb6 33. Ne3 Qd3 34. Ned5
Rb2 35. Rd1 Qc2 36. Qg3 Nd6 37. Re1 Nb5 38. Nxb5 axb5 39. Rg1 Qxe4+ 0-1

[Event "Championnat de France des Jeunes - Cadet"]
[Site "Aix les Bains"]
[Date "2009.04.24"]
[Round "7.3"]
[White "Garma, Jovanka"]
[Black "Hourlier, Claire"]
[Result "0-1"]
[WhiteElo "1747"]
[BlackElo "1883"]
[PlyCount "108"]

1. d4 Nf6 2. c4 g6 3. Nf3 Bg7 4. Nc3 d6 5. e3 O-O 6. Bd3 Nbd7 7. Qc2 c5 8. d5
Ne5 9. Be2 a6 10. a4 Bd7 11. e4 Rb8 12. h3 Ne8 13. Be3 Nxf3+ 14. gxf3 f5 15. a5
f4 16. Bd2 b5 17. axb6 Qxb6 18. Nd1 Bc8 19. Ra2 Be5 20. Bc3 Bxc3+ 21. Qxc3 Nf6
22. Qd2 Qb4 23. Nc3 Nd7 24. Nd1 Ne5 25. Qxb4 Rxb4 26. h4 Bb7 27. Kd2 Nxc4+ 28.
Bxc4 Rxc4 29. Nc3 Rb8 30. Ne2 Rf8 31. Rg1 Bc8 32. h5 Kg7 33. hxg6 hxg6 34. Raa1
Rb4 35. Kc3 Rf6 36. Ra3 Kf7 37. Rg5 Rb6 38. Ra5 Kg7 39. Ra1 Bd7 40. b3 Bb5 41.
Ng1 Rb8 42. Rg4 Rh8 43. Rg2 Rff8 44. Kd2 Rh1 45. Re1 Kf6 46. Ne2 Rxe1 47. Kxe1
Bxe2 48. Kxe2 Rb8 49. Rg4 g5 50. Rg1 Rxb3 51. Ra1 Rb6 52. Ra4 e6 53. dxe6 Kxe6
54. Kd3 Rb2 0-1

[Event "Championnat de France des Jeunes - Cadet"]
[Site "Aix les Bains"]
[Date "2009.04.24"]
[Round "7.5"]
[White "Forgues, Valerie"]
[Black "Rambourg, Juliette"]
[Result "0-1"]
[WhiteElo "2037"]
[BlackElo "1866"]
[PlyCount "70"]

1. e4 c5 2. Nf3 g6 3. d4 cxd4 4. Nxd4 Nc6 5. Be3 Nf6 6. Nc3 Bg7 7. Nb3 O-O 8.
Be2 d6 9. O-O a6 10. f4 b5 11. Bf3 Bb7 12. Qe1 Qc7 13. Rd1 Rad8 14. Rf2 e6 15.
Rfd2 Ne7 16. Qf2 Nc8 17. a3 Nd7 18. Rd3 Ndb6 19. Nd2 d5 20. e5 Nc4 21. Nxc4
bxc4 22. R3d2 Qc5 23. Ne2 Qb5 24. Rb1 Rfe8 25. Nd4 Qd7 26. b3 cxb3 27. Nxb3 Bf8
28. Bc5 Qc7 29. Bxf8 Rxf8 30. Nc5 Bc6 31. Nxa6 Qa5 32. Nb4 Bb5 33. Qe3 Nb6 34.
Nc6 Bxc6 35. Rxb6 d4 0-1

[Event "Championnat de France des Jeunes - Cadet"]
[Site "Aix les Bains"]
[Date "2009.04.24"]
[Round "7.6"]
[White "Anamba-Onana, Marie-Therese"]
[Black "Vinckier, Delphine"]
[Result "0-1"]
[WhiteElo "1540"]
[BlackElo "1817"]
[PlyCount "81"]

1. e4 e6 2. d4 d5 3. e5 c5 4. c3 Nc6 5. Nf3 Qb6 6. Be2 Bd7 7. b3 cxd4 8. cxd4
Bb4+ 9. Bd2 Nxd4 10. a3 Bxd2+ 11. Nbxd2 Nxe2 12. Qxe2 Ne7 13. O-O Bb5 14. Nc4
dxc4 15. bxc4 Bc6 16. Ng5 h6 17. Nh3 Ng6 18. Rfe1 O-O 19. Rab1 Qc7 20. f4 Qe7
21. Rb3 Rad8 22. Rd3 Rxd3 23. Qxd3 Rd8 24. Qe3 Qd7 25. Re2 Qd4 26. Kf2 Qxe3+
27. Kxe3 Ne7 28. Rc2 Nf5+ 29. Kf2 Rd3 30. Ra2 Rc3 31. c5 Rxc5 32. Ng1 Bd5 33.
Ra1 Rc2+ 34. Ne2 Bc4 35. Re1 Nd4 36. Ke3 Nxe2 37. a4 Ba6 38. g3 Ra2 39. a5 Rxa5
40. Rxe2 Bxe2 41. Kxe2 0-1

[Event "Championnat de France des Jeunes - Cadet"]
[Site "Aix les Bains"]
[Date "2009.04.24"]
[Round "7.7"]
[White "Hedouin, Priscillia"]
[Black "Christophe, Lucie"]
[Result "0-1"]
[WhiteElo "1640"]
[BlackElo "1779"]
[Annotator "Rivier,Sylvain"]
[PlyCount "92"]
[EventDate "2009.??.??"]

1. e4 d5 2. exd5 Nf6 3. Nc3 Nxd5 4. Bc4 e6 5. Nf3 c6 6. d4 Bd6 7. Ne4 Be7 8.
Ne5 Nd7 9. Bd2 Qb6 10. Bc3 Nxe5 11. dxe5 Bd7 12. Qd2 Qc7 13. Rd1 a5 14. O-O O-O
15. Bd3 Rfd8 16. Rfe1 b5 17. b3 c5 18. Bb2 Bc6 19. Ng5 h6 20. Nh3 Nb4 21. Qe2
Qb7 22. f3 a4 23. Be4 Bxe4 24. fxe4 a3 25. Bc1 Nxa2 26. Qg4 Nxc1 27. Rxc1 Qc7
28. Qh5 c4 29. Rf1 Bc5+ 30. Kh1 Bd4 31. Nf4 a2 32. Qg4 Bxe5 33. Nh5 g6 34. Nf6+
Bxf6 35. Rxf6 a1=Q 36. Rff1 Qae5 37. g3 Rd4 38. Rce1 Qb7 39. Rf4 cxb3 40. cxb3
Ra3 41. Qf3 g5 42. Rf6 Rxe4 43. Rxe4 Qbxe4 44. Qxe4 Qxe4+ 45. Kg1 Qd4+ 46. Rf2
Ra2 0-1

[Event "Championnat de France des Jeunes - Cadet"]
[Site "Aix les Bains"]
[Date "2009.04.24"]
[Round "7.8"]
[White "Dubois, Emmanuelle"]
[Black "Dauchart, Elaine"]
[Result "1-0"]
[WhiteElo "1757"]
[BlackElo "1650"]
[PlyCount "103"]

1. e4 c5 2. Nf3 a6 3. d4 cxd4 4. Nxd4 Nf6 5. Nc3 e5 6. Nf3 Bb4 7. Bd2 Qc7 8.
Bd3 d6 9. Nd5 Nxd5 10. exd5 Bxd2+ 11. Qxd2 b5 12. b3 Nd7 13. c4 bxc4 14. bxc4
O-O 15. O-O Nf6 16. Qc2 Re8 17. Nd2 Bg4 18. f4 Qc5+ 19. Kh1 exf4 20. Rxf4 Qe3
21. Raf1 Be2 22. Bxe2 Qxe2 23. R4f2 Qg4 24. h3 Qg6 25. Qxg6 fxg6 26. Kh2 Ne4
27. Nxe4 Rxe4 28. Rc1 Rc8 29. Rfc2 Rc5 30. Kg3 Re3+ 31. Kf2 Ra3 32. Rb1 Ra4 33.
Rbc1 Kf7 34. Ke3 Kf6 35. Kd3 Ke7 36. Rb1 Rb5 37. Rb3 Kd8 38. Kc3 Rxb3+ 39. axb3
Ra5 40. Kb4 Rc5 41. Ra2 a5+ 42. Rxa5 Rxa5 43. Kxa5 Kc7 44. b4 g5 45. c5 dxc5
46. bxc5 h6 47. Kb5 h5 48. d6+ Kd7 49. Kb6 g6 50. Kb7 g4 51. hxg4 hxg4 52. c6+
1-0

[Event "Championnat de France des Jeunes - Cadet"]
[Site "Aix les Bains"]
[Date "2009.04.24"]
[Round "7.9"]
[White "Richard, Celine"]
[Black "Durot, Edwige"]
[Result "1/2-1/2"]
[WhiteElo "1588"]
[BlackElo "1764"]
[PlyCount "135"]

1. d4 d5 2. c4 c6 3. e3 Nf6 4. Nc3 dxc4 5. Bxc4 e6 6. Nge2 Nbd7 7. O-O Nb6 8.
Bd3 Bd6 9. e4 e5 10. dxe5 Bxe5 11. Bf4 Ng4 12. Bxe5 Nxe5 13. Bc2 O-O 14. Qxd8
Rxd8 15. f4 Nec4 16. b3 Ne3 17. Rfc1 Rd2 18. Bd1 Bg4 19. h3 Bxe2 20. Bxe2 Rad8
21. Bf3 Nc2 22. Rab1 Nb4 23. Rd1 Rxd1+ 24. Rxd1 Rxd1+ 25. Bxd1 Nd7 26. g4 Nc5
27. Kg2 Nbd3 28. Kg3 Ne6 29. f5 Nd4 30. Kh4 Kf8 31. g5 Ke7 32. Kh5 Nf4+ 33. Kg4
Nd3 34. h4 Nf2+ 35. Kh5 g6+ 36. fxg6 hxg6+ 37. Kh6 Nxd1 38. Nxd1 Nf3 39. h5
gxh5 40. Kxh5 Ne5 41. Kh6 Ke6 42. Kg7 Nf3 43. g6 fxg6 44. Kxg6 Ke5 45. Nf2 b6
46. Kf7 Nd2 47. Ke7 Nxe4 48. Nxe4 Kxe4 49. Kd6 c5 50. Kc6 Kd4 51. Kb7 b5 52.
Kxa7 c4 53. bxc4 bxc4 54. a4 c3 55. a5 c2 56. a6 c1=Q 57. Ka8 Qb2 58. a7 Qa3
59. Kb8 Qb4+ 60. Ka8 Qa5 61. Kb7 Qb5+ 62. Ka8 Qa6 63. Kb8 Qb6+ 64. Ka8 Qd8+ 65.
Kb7 Qd7+ 66. Kb8 Qb5+ 67. Ka8 Qa6 68. Kb8 1/2-1/2

[Event "Championnat de France des Jeunes - Cadet"]
[Site "Aix les Bains"]
[Date "2009.04.24"]
[Round "7.10"]
[White "Argente, Lucie"]
[Black "Rascle, Adeline"]
[Result "0-1"]
[WhiteElo "1400"]
[BlackElo "1620"]
[PlyCount "68"]

1. d4 d5 2. Nf3 Nf6 3. e3 Bg4 4. Be2 e6 5. O-O Bd6 6. b3 O-O 7. c4 c6 8. Nc3
Nbd7 9. Bb2 Re8 10. cxd5 exd5 11. Rc1 Qc7 12. h3 Bf5 13. Bd3 Ne4 14. Bb1 Ndf6
15. Nxe4 Nxe4 16. Qe2 Qe7 17. Ne5 Qg5 18. Qf3 Qf6 19. g4 Bg6 20. Qxf6 Nxf6 21.
Bxg6 fxg6 22. f4 Ne4 23. Bc3 Re7 24. Rf3 Rc8 25. b4 b6 26. Be1 Rec7 27. a3 c5
28. dxc5 bxc5 29. bxc5 Bxc5 30. a4 Bxe3+ 31. Rxe3 Rxc1 32. Kf1 R8c2 33. Nd3 Ra1
34. Re2 Ng3+ 0-1

[Event "Championnat de France des Jeunes - Cadet"]
[Site "Aix les Bains"]
[Date "2009.04.24"]
[Round "7.11"]
[White "Bruckert, Emma"]
[Black "Gudefin, Marine"]
[Result "0-1"]
[WhiteElo "1380"]
[BlackElo "1399"]
[Annotator "Rivier,Sylvain"]
[PlyCount "60"]

1. e4 e5 2. Nf3 Nc6 3. d4 d5 4. exd5 exd4 5. dxc6 Bc5 6. Bb5 Qe7+ 7. Qe2 b6 8.
Qxe7+ Nxe7 9. O-O O-O 10. b3 Bf5 11. Bb2 a6 12. Bc4 Nxc6 13. Bd5 Bd7 14. Rd1 d3
15. Rxd3 Rae8 16. Nbd2 Nb4 17. Ba3 Nxd3 18. Bxc5 Nxc5 19. h3 c6 20. Bc4 b5 21.
Bd3 Ne6 22. Ne4 Nf4 23. Neg5 g6 24. Rd1 Nd5 25. c4 Nc3 26. Rd2 b4 27. h4 h6 28.
Nh3 a5 29. h5 g5 30. c5 g4 {suite illisible} 0-1

[Event "Championnat de France des Jeunes - Cadet"]
[Site "Aix les Bains"]
[Date "2009.04.24"]
[Round "7.4"]
[White "Jeannerot, Lea"]
[Black "Macarry, Elodie"]
[Result "1-0"]
[WhiteElo "1980"]
[BlackElo "1863"]
[PlyCount "53"]

1. e4 c6 2. d4 d5 3. Nc3 dxe4 4. Nxe4 Nf6 5. Nxf6+ gxf6 6. Nf3 Bf5 7. g3 e6 8.
Bg2 Bd6 9. Nh4 Bg6 10. O-O Nd7 11. c4 Qc7 12. Qe2 O-O-O 13. Be3 c5 14. b4 cxd4
15. Bxd4 Be5 16. Nxg6 hxg6 17. Bxe5 Nxe5 18. c5 Kb8 19. Rfc1 Nd3 20. Rc3 Ne5
21. b5 f5 22. Rac1 Ng4 23. h3 Nf6 24. b6 axb6 25. cxb6 Qd6 26. Qb5 Nd7 27. Rc7
1-0

[Event "Championnat de France des Jeunes - Minimes"]
[Site "Aix-les-Bains"]
[Date ""]
[Round "7.1"]
[White "Sochacki, Christophe"]
[Black "Ider, Borya"]
[Result "1-0"]
[WhiteElo "2250"]
[BlackElo "2176"]
[Annotator ""]

1. e4 e6 2. d4 d5 3. Nc3 Bb4 4. e5 c5 5. Bd2 Ne7 6. Nb5 Bxd2+ 7. Qxd2 O-O 8. c3
Nbc6 9. Nf3 a6 10. Nd6 f6 11. exf6 Qxd6 12. fxe7 Qxe7 13. Be2 Qd6 14. O-O Bd7
15. Rfe1 Rae8 16. dxc5 Qxc5 17. Rad1 Rd8 18. Bd3 Qd6 19. Bc2 Qf4 20. Qxf4 Rxf4
21. Ng5 h6 22. Nxe6 Bxe6 23. Rxe6 d4 24. Re2 Kf8 25. Red2 Ke7 26. g3 Rf6 27.
cxd4 Rfd6 28. d5 Ne5 29. Kg2 Kf6 30. Bb3 g5 31. Re1 b5 32. Rd4 Nf7 33. Rde4 a5
34. a3 Rc8 35. Re6+ Kg7 36. Rxd6 Nxd6 37. Re7+ Kf8 38. Re6 Nc4 39. Rxh6 Kg7 40.
Rc6 1-0

[Event "Championnat de France des Jeunes - Minim"]
[Site "Aix-les-Bains"]
[Date "2009.??.??"]
[Round "7.2"]
[White "Manoeuvre, Antoine"]
[Black "Divine, Armand"]
[Result "1-0"]
[WhiteElo "2150"]
[BlackElo "2018"]
[PlyCount "53"]

1. d4 Nf6 2. c4 g6 3. Nc3 Bg7 4. e4 d6 5. Be2 O-O 6. Nf3 Nbd7 7. O-O e5 8. Be3
Ng4 9. Bg5 f6 10. Bd2 Nh6 11. d5 f5 12. Ng5 Nf6 13. f3 f4 14. Be1 Kh8 15. c5
Ne8 16. Ne6 Bxe6 17. dxe6 Ng8 18. Bf2 c6 19. Qb3 Qc7 20. Rfd1 Ne7 21. Rac1 Bf6
22. Nb5 cxb5 23. cxd6 Qxc1 24. Rxc1 Nxd6 25. Rd1 Rfd8 26. Bc5 Nc4 27. Rd7 1-0

[Event "Championnat de France des Jeunes - Minim"]
[Site "Aix-les-Bains"]
[Date "2009.??.??"]
[Round "7.3"]
[White "Song, Julien"]
[Black "Di Nicolantonio, Lucas"]
[Result "1-0"]
[WhiteElo "2318"]
[BlackElo "2064"]
[PlyCount "77"]

1. d4 Nf6 2. c4 e5 3. dxe5 Ng4 4. e3 Nxe5 5. Nh3 Bc5 6. Nc3 O-O 7. Be2 d6 8.
Nf4 Nbd7 9. O-O Nf6 10. Na4 Bb6 11. Nxb6 axb6 12. b3 Re8 13. Bb2 Bd7 14. Nd5
Bc6 15. Qd4 Bxd5 16. cxd5 c6 17. Rfd1 cxd5 18. a4 Nc6 19. Qd2 Rc8 20. Bf3 Ne5
21. Bxd5 Qd7 22. h3 Qf5 23. Bxe5 dxe5 24. Bc4 h5 25. Qb4 Ne4 26. f3 Ng5 27.
Qxb6 Nxf3+ 28. Kh1 Ng5 29. Rf1 Qe4 30. Rad1 Ne6 31. Rd7 Rf8 32. Bxe6 fxe6 33.
Qxe6+ Kh8 34. Rdf7 Rfe8 35. Qd7 Rcd8 36. Qxb7 Qg6 37. Qb4 Rd3 38. Qh4 Rxe3 39.
R7f5 1-0

[Event "Championnat de France des Jeunes - Minim"]
[Site "Aix-les-Bains"]
[Date "2009.??.??"]
[Round "7.4"]
[White "Samoun, Florent"]
[Black "Netzer, Jacques"]
[Result "0-1"]
[WhiteElo "2045"]
[BlackElo "2139"]
[PlyCount "136"]

1. e4 c5 2. Nc3 Nc6 3. g3 g6 4. Bg2 Bg7 5. d3 b6 6. f4 Bb7 7. Nf3 d6 8. O-O Qd7
9. Rb1 Nh6 10. h3 f5 11. Be3 O-O 12. Qd2 Rae8 13. Ne2 Nf7 14. a3 e5 15. Nc3 Nd4
16. Nd5 exf4 17. Nxf4 Nxf3+ 18. Bxf3 fxe4 19. dxe4 Bxe4 20. Bxe4 Rxe4 21. Kg2
Rfe8 22. Rfe1 Qc6 23. Qd5 Qxd5 24. Nxd5 Nd8 25. c3 Nc6 26. Kf2 Ne7 27. Nxe7+
R8xe7 28. Rbd1 R7e6 29. Rd5 Bh6 30. Bd2 Rxe1 31. Bxe1 Be3+ 32. Kf3 Bc1 33. Bd2
Bxb2 34. a4 a6 35. c4 Kf7 36. Rd3 Be5 37. Rb3 b5 38. axb5 axb5 39. Rxb5 Rf6+
40. Kg2 Ke6 41. Rb7 Rf8 42. Rb6 Ra8 43. Be3 Ra3 44. Bf2 Rc3 45. Bxc5 Rxg3+ 46.
Kf1 Rxh3 47. Bf2 Rf3 48. c5 Bg3 49. Kg2 Rxf2+ 50. Kxg3 Rd2 51. Kf4 Rd5 52. cxd6
Rxd6 53. Rb7 Rd7 54. Rb6+ Kf7 55. Ra6 Kg7 56. Ra4 h5 57. Ke5 Rf7 58. Ke6 g5 59.
Ra5 Kg6 60. Ra8 g4 61. Rg8+ Rg7 62. Ra8 g3 63. Ke5 Kg5 64. Ke4 Kg4 65. Ra1 Re7+
66. Kd3 g2 67. Ra8 Rg7 68. Ra1 Kf3 0-1